Les 30 plus gros succès au cinéma français - Statistiques

Statistiques générales
  • Ce quiz a été pris 60 fois
  • Le résultat moyen est 5 sur 30
Statistiques - réponses
Hint Réponse % Correct
20 445 241 Bienvenue chez les Ch'tis
76%
19 510 528 Intouchables
75%
15 343 644 Avatar
63%
22 319 870 Titanic
57%
12 356 650 Qu'est-ce qu'on a fait au Bon Dieu ?
47%
17 330 655 La Grande Vadrouille
43%
13 673 254 Les Visiteurs
37%
11 746 041 Le Corniaud
22%
10 750 960 Le Roi Lion
18%
14 000 537 Avatar - La Voie de l'eau
12%
10 229 483 Les bronzés 3 - Amis pour la vie
8%
14 801 513 Le livre de la jungle
6%
14 810 250 Astérix & Obélix - Mission Cléopatre
4%
16 728 699 Autant en emporte le vent
4%
18 353 225 Blanche-Neige et les Sept Nains
4%
13 270 368 Cendrillon
4%
14 893 807 Il était une fois dans l'Ouest
4%
11 930 550 Le Jour le plus long
4%
12 791 213 Le Petit Monde de Don Camillo
4%
14 700 113 Les 101 dalmatiens
4%
12 742 134 Les Aristochats
4%
10 345 644 Star Wars - Le Réveil de la Force
4%
10 302 954 Taxi 2
4%
10 715 879 Bambi
2%
13 858 027 Ben-Hur
2%
11 254 805 La Belle et le Clochard
2%
14 237 371 Les Dix Commandements
2%
13 477 317 Le Pont de la rivière Kwaï
0%
10 181 324 Les Canons de Navarone
0%
10 251 840 Trois hommes et un couffin
0%
Aucun quiz correspondant
Distribution des résultats
% des personnes avec chaque résultat
Percentile par nombre de réponses
Votre historique - résultats
Vous n’avez pas pris ce quiz